[Event "Badalona op 45th"]
[Site "Badalona"]
[Date "2019.08.08"]
[Round "7"]
[White "Harikrishnan, A Ra"]
[Black "Bru Rullo, Llatzer"]
[Result "1-0"]
[WhiteElo "2411"]
[BlackElo "2311"]
[PlyCount "83"]
[EventDate "2019.08.02"]
[EventType "swiss"]
[EventRounds "9"]
[EventCountry "ESP"]
[SourceTitle "EXT 2020"]
[Source "ChessBase"]
[SourceDate "2019.10.17"]
[SourceVersion "1"]
[SourceVersionDate "2019.10.17"]
[SourceQuality "1"]

1. e4 c5 2. Nf3 e6 3. d3 Nc6 4. g3 Nf6 5. Bg2 d5 6. Nbd2 Be7 7. 0-0 0-0 8. Re1 b5 9. e5 Nd7 10. Nf1 a5 11. h4 b4 12. N1h2 a4 13. a3 bxa3 14. bxa3 Rb8 15. Bf4 Nd4 16. h5 h6 17. Ng4 Rb6 18. c4 Nb3 19. Ra2 dxc4 20. dxc4 Bb7 21. Nd2 Bxg2 22. Kxg2 Nb8 23. Qc2 Nc6 24. Ne4 Ncd4 25. Qb1 Qa8 26. Rb2 f5 27. exf6 Bxf6 28. Kh3 Be7 29. Qd1 Rf5 30. Ne5 Qe8 31. Ng6 Qf7 32. Qg4 e5 33. Be3 Rxh5+ 34. Qxh5 Rxg6 35. Bxd4 cxd4 36. Qxe5 d3 37. Qd5 Re6 38. Qxd3 Nc5 39. Qd5 Rxe4 40. Rb8+ Bf8 41. Rxf8+ Kxf8 42. Qxc5+ 1-0

[Event "Catalunya-chT GpB final"]
[Site "Barcelona"]
[Date "2019.03.23"]
[Round "3.5"]
[White "Estrella Vidiella, Jordi"]
[Black "Bru Rullo, Llatzer"]
[Result "0-1"]
[WhiteElo "2275"]
[BlackElo "2298"]
[PlyCount "140"]
[EventDate "2019.03.09"]
[EventType "team-tourn"]
[EventRounds "4"]
[EventCountry "ESP"]
[SourceTitle "EXT 2020"]
[Source "ChessBase"]
[SourceDate "2019.10.17"]
[SourceVersion "1"]
[SourceVersionDate "2019.10.17"]
[SourceQuality "1"]
[WhiteTeam "Foment Martinenc"]
[BlackTeam "Cerdanyola Valles"]
[WhiteTeamCountry "ESP"]
[BlackTeamCountry "ESP"]

1. c4 c5 2. Nf3 b6 3. g3 Bb7 4. Bg2 Nf6 5. 0-0 e6 6. b3 Be7 7. Bb2 0-0 8. Qc2 Nc6 9. a3 h6 10. d3 d5 11. cxd5 exd5 12. e4 Re8 13. Nbd2 dxe4 14. dxe4 Qc7 15. Rfe1 Nd7 16. Nc4 Bf8 17. Ne3 Rad8 18. Nd5 Qb8 19. Rad1 Nde5 20. Nxe5 Nxe5 21. Qc3 Nc6 22. Qf3 Nd4 23. Bxd4 cxd4 24. b4 Qe5 25. Qf4 Rxd5 26. exd5 Qxe1+ 27. Rxe1 Rxe1+ 28. Bf1 Ba6 29. Qxd4 Bxf1 30. Qd2 Rb1 31. f4 Bb5+ 32. Kf2 Ba4 33. Qd3 Rb2+ 34. Kg1 Rb3 35. Qa6 Rxa3 36. Qxa7 b5 37. Qa8 Rd3 38. f5 Bb3 39. f6 g6 40. Qe8 Rxd5 41. h4 Bc4 42. Kg2 Rd6 43. Qe5 Re6 44. Qc3 Bd6 45. h5 g5 46. g4 Be5 47. Qf3 Bxf6 48. Kg3 Kg7 49. Kh3 Bd4 50. Qa8 Be5 51. Kg2 Rd6 52. Kf2 Bd4+ 53. Kf3 Bc3 54. Qa3 Rd3+ 55. Kg2 Bd4 56. Qa8 Rd2+ 57. Kh1 Bf6 58. Kg1 Ra2 59. Qc6 Ra1+ 60. Kg2 Rb1 61. Qc5 Rb2+ 62. Kh1 Rd2 63. Qc8 Bd5+ 64. Kg1 Bd4+ 65. Kf1 Bc4+ 66. Ke1 Rf2 67. Qd7 Rf4 68. Kd2 Bf6 69. Kc1 Rd4 70. Qf5 Bb3 0-1